Normal view
MARC view
Entry Personal Name
001 - CONTROL NUMBER
- control field: 52426
003 - CONTROL NUMBER IDENTIFIER
- control field: ARRUPE
005 - DATE AND TIME OF LATEST TRANSACTION
- control field: 20240215121252.0
008 - FIXED-LENGTH DATA ELEMENTS
- fixed length control field: 240215|| aca||aabn | a|a d
040 ## - CATALOGING SOURCE
- Original cataloging agency: ARRUPE
- Transcribing agency: ARRUPE
100 ## - HEADING--PERSONAL NAME
- Personal name: Bryant, Arthur,
- Dates associated with a name: 1899-1985
670 ## - SOURCE DATA FOUND
- Source citation: Work cat.: (ARRUPE)131795: Bryant, Arthur, 1899-1985., Triumph in the west, 1943-1946., 1959.